Estadísticas para Municipios del estado de Coahuila en México (Español-Spanish)

Haz click aquí para tomar la prueba!

Estadísticas generales

  • Esta prueba ha sido tomada 98 veces
  • La puntuación promedio es 23 de 38

Estadísticas de respuestas

Hint Answer % Correcto
30Saltillo
96%
35Torreón
93%
18Monclova
90%
25Piedras Negras
89%
2Acuña
88%
4Arteaga
79%
24Parras
78%
28Sabinas
74%
27Ramos Arizpe
74%
20Múzquiz
72%
7Cuatrociénegas
72%
23Ocampo
69%
17Matamoros
68%
1Abasolo
67%
6Castaños
65%
31San Buenaventura
64%
10Frontera
63%
33San Pedro de las Colonias
63%
22Nava
60%
3Allende
58%
21Nadadores
58%
11General Cepeda
57%
13Hidalgo
57%
34Sierra Mojada
56%
19Morelos
54%
36Viesca
53%
38Zaragoza
53%
16Lamadrid
50%
5Candela
50%
9Francisco I. Madero
49%
37Villa Unión
47%
15Juárez
47%
14Jiménez
44%
32San Juan de Sabinas
42%
29Sacramento
42%
12Guerrero
42%
8Escobedo
33%
26Progreso
26%

Distribución de puntuación

Porcentaje por número respondido

Porcentaje de gente con cada puntuación

Historial de tus puntuaciones

No has tomado esta prueba